| 000 | 02645nam a2200505 i 4500 | ||
|---|---|---|---|
| 001 | ebr10844267 | ||
| 003 | CaPaEBR | ||
| 006 | m o d | ||
| 007 | cr cn||||||||| | ||
| 008 | 131025t20142014cau ob 001 0 eng|d | ||
| 020 | _z9780804777315 (cloth : alk. paper) | ||
| 020 | _z9780804777322 (pbk. : alk. paper) | ||
| 020 | _a9780804790567 (e-book) | ||
| 040 |
_aCaPaEBR _beng _erda _epn _cCaPaEBR |
||
| 035 | _a(OCoLC)878135930 | ||
| 043 |
_an-us--- _aa-vt--- |
||
| 050 | 1 | 4 |
_aE184.V53 _bT45 2014eb |
| 082 | 0 | 4 |
_a305.8959/22073 _223 |
| 100 | 1 |
_aThai, Hung Cam, _d1976- _eauthor. |
|
| 245 | 1 | 0 |
_aInsufficient funds : _bthe culture of money in low-wage transnational families / _cHung Cam Thai. |
| 264 | 1 |
_aStanford, California : _bStanford University Press, _c[2014] |
|
| 264 | 4 | _c�2014 | |
| 300 | _a1 online resource (304 pages) | ||
| 336 |
_atext _2rdacontent |
||
| 337 |
_acomputer _2rdamedia |
||
| 338 |
_aonline resource _2rdacarrier |
||
| 504 | _aIncludes bibliographical references and index. | ||
| 505 | 0 | _aSix tales of migrant money -- The making of a transnational expenditure cascade -- Money as a currency of care -- The migrant provider role -- The American dream in Vietnam -- Compensatory consumption -- Emulative consumption -- The cyclical entrenchment of monetary habits -- The high price of esteem consumption -- Tall promises -- Conclusion : special money in low-wage transnational families. | |
| 588 | _aDescription based on print version record. | ||
| 590 | _aElectronic reproduction. Palo Alto, Calif. : ebrary, 2014. Available via World Wide Web. Access may be limited to ebrary affiliated libraries. | ||
| 650 | 0 |
_aVietnamese _zUnited States _xEconomic conditions. |
|
| 650 | 0 |
_aVietnamese _zUnited States _xSocial conditions. |
|
| 650 | 0 |
_aImmigrants _xFamily relationships _zUnited States. |
|
| 650 | 0 |
_aImmigrants _xFamily relationships _zVietnam. |
|
| 650 | 0 |
_aMoney _xSocial aspects _zUnited States. |
|
| 650 | 0 |
_aMoney _xSocial aspects _zVietnam. |
|
| 650 | 0 |
_aFamilies _xEconomic aspects _zUnited States. |
|
| 650 | 0 |
_aFamilies _xEconomic aspects _zVietnam. |
|
| 650 | 0 |
_aTransnationalism _xSocial aspects _zUnited States. |
|
| 650 | 0 |
_aTransnationalism _xSocial aspects _zVietnam. |
|
| 655 | 0 | _aElectronic books. | |
| 776 | 0 | 8 |
_iPrint version: _aThai, Hung Cam. _tInsufficient funds : the culture of money in low-wage transnational families. _dStanford, California : Stanford University Press, [2014] _z9780804777322 _w(DLC)10844267 |
| 797 | 2 | _aebrary. | |
| 856 | 4 | 0 |
_uhttp://site.ebrary.com/lib/rucke/Doc?id=10844267 _zAn electronic book accessible through the World Wide Web; click to view |
| 999 |
_c94461 _d94461 |
||